Paisajes Barcelona : castellano / castellano /
Publicado:
Barcelona :
Generalitat de Catalunya, Departament d'Empresa i Coneixement. Direcció General de Turisme ,
2016
Descripción Física:
73 pàgines : il·lustracions ; 21 cm
Idioma:
Catalán
MARC
| LEADER | 00000nam a22000007a 4500 | ||
|---|---|---|---|
| 001 | 25895 | ||
| 008 | 220613b spa||||| |||| 00| 0 cat d | ||
| 017 | |a DL B 21006-2016 | ||
| 080 | |a Bib-655 | ||
| 100 | |9 53408 |a Arnat i Puig, Xavier | ||
| 245 | |a Paisajes Barcelona : |b castellano / |c textos: Xavier Arnat i Puig | ||
| 260 | |a Barcelona : |b Generalitat de Catalunya, Departament d'Empresa i Coneixement. Direcció General de Turisme, |c 2016 | ||
| 300 | |a 73 pàgines : |b il·lustracions ; |c 21 cm | ||
| 651 | 0 | |9 52676 |a Barcelona (Catalunya : Província) |v Guies | |
| 710 | 1 | |9 51720 |a Catalunya. |b Departament d'Empresa i Ocupació | |
| 710 | 2 | |9 51323 |a Barcelona és Molt Més |e marca turística | |
| 710 | 1 | |a Barcelona (Catalunya : Província). |b Diputació |9 52408 | |
| 942 | |2 udc |c ARXIU |n 1 | ||
| 952 | |0 0 |1 0 |4 0 |6 BIB655 |7 1 |9 62354 |a Arxiu |b Arxiu |d 2022-06-13 |l 0 |o Bib-655 |p 25895 |r 2022-06-13 00:00:00 |w 2022-06-13 |y ARXIU | ||
| 999 | |c 82008 |d 82008 | ||